Central Library OPAC University of Rajshahi

Economic aid to underdeveloped countries / (Record no. 4266)

MARC details
000 -LEADER
fixed length control field 00732nam a2200229 a 4500
001 - CONTROL NUMBER
control field 4266
003 - CONTROL NUMBER IDENTIFIER
rucl marc code BD-RjUL
005 - DATE AND TIME OF LATEST TRANSACTION
control field 20211208233849.0
008 - FIXED-LENGTH DATA ELEMENTS--GENERAL INFORMATION
fixed length control field 160726t19621961enk 000 0 eng
035 ## - SYSTEM CONTROL NUMBER
System control number (BD-RjUL)4301
040 ## - CATALOGING SOURCE
Original cataloging agency DLC
Transcribing agency CarP
Modifying agency DLC
-- BD-RjUL
Language of cataloging eng
041 ## - LANGUAGE CODE
Language code of text/sound track or separate title eng
082 ## - DEWEY DECIMAL CLASSIFICATION NUMBER
Edition number 23
Classification number 338.91
Author mark and year BEE 1962
100 1# - MAIN ENTRY--PERSONAL NAME
Personal name Benham, Frederic,
Dates associated with a name 1900-1962.
9 (RLIN) 13519
245 10 - TITLE STATEMENT
Title Economic aid to underdeveloped countries /
Statement of responsibility, etc. Frederic Benham
260 ## - PUBLICATION, DISTRIBUTION, ETC. (IMPRINT)
Place of publication, distribution, etc. London :
Name of publisher, distributor, etc. Oxford University Press,
Date of publication, distribution, etc. 1961 [reprint 1962]
300 ## - PHYSICAL DESCRIPTION
Pagination 121 p.
Size 19 cm.
500 ## - GENERAL NOTE
General note Issued the auspices of the Royal Institute of International Affairs.
650 #0 - SUBJECT ADDED ENTRY--TOPICAL TERM
Topical term or geographic name as entry element Economic assistance.
9 (RLIN) 13520
651 #0 - SUBJECT ADDED ENTRY--GEOGRAPHIC NAME
Geographic name Developing countries.
9 (RLIN) 13521
942 ## - ADDED ENTRY ELEMENTS (KOHA)
Source of classification or shelving scheme Dewey Decimal Classification
Koha item type Books
Holdings
Lost status Source of classification or shelving scheme Damaged status Not for loan Collection code Permanent Location Current Location Shelving location Date acquired Source of acquisition Cost, normal purchase price Total Checkouts Full call number Date last seen Copy number Koha item type
  Dewey Decimal Classification     Non-fiction Central Library, University of Rajshahi Central Library, University of Rajshahi   04/06/1964 Zeitlinger 12.60   338.91 BEE 1962 22/12/2013 C-4 Books
  Dewey Decimal Classification     Non-fiction Central Library, University of Rajshahi Central Library, University of Rajshahi   04/06/1964 Zeitlinger 12.60   338.91 BEE 1962 26/07/2016 C-2 Books
  Dewey Decimal Classification   Not For Loan Non-fiction Central Library, University of Rajshahi Central Library, University of Rajshahi Reading Room 04/06/1964 Zeitlinger 12.60   338.91 BEE 1962 26/07/2016 C-1 Books
  Dewey Decimal Classification     Non-fiction Central Library, University of Rajshahi Central Library, University of Rajshahi   04/06/1964 Zeitlinger 12.60   338.91 BEE 1962 26/07/2016 C-3 Books
  Dewey Decimal Classification     Non-fiction Central Library, University of Rajshahi Central Library, University of Rajshahi   04/06/1964 Zeitlinger 12.60   338.91 BEE 1962 26/07/2016 C-5 Books
  Dewey Decimal Classification     Non-fiction Central Library, University of Rajshahi Central Library, University of Rajshahi   12/11/1965 Zeitlinger 12.60   338.91 BEE 1964 26/07/2016 C-6 Books
  Dewey Decimal Classification     Non-fiction Central Library, University of Rajshahi Central Library, University of Rajshahi   29/03/1965 Sweets and Zeithlinger 12.60   338.91 BEE 1962 26/07/2016 C-7 Books
  Dewey Decimal Classification     Non-fiction Central Library, University of Rajshahi Central Library, University of Rajshahi   12/05/1964 Zeitlinger 12.60   338.91 BEE 1962 26/07/2016 C-8 Books
  Dewey Decimal Classification     Non-fiction Central Library, University of Rajshahi Central Library, University of Rajshahi   04/06/1964 Zeitlinger 12.60   338.91 BEE 1962 26/07/2016 C-9 Books
  Dewey Decimal Classification     Non-fiction Central Library, University of Rajshahi Central Library, University of Rajshahi   29/03/1965 Sweets and Zeithlinger 12.60   338.91 BEE 1962 26/07/2016 C-10 Books